[Event "British Chess Championships 2023: "]
[Site "The Venue, De Montfort University, 20 Western Boulevard, Leicester, LE2 7BU"]
[Date "2023.07.25"]
[Round "1"]
[Board "1"]
[White "Puthanveettil, Joshua"]
[Black "Soulier, Alfred"]
[Result "0-1"]
[WhiteElo "1419"]
[BlackElo "1757"]
[PlyCount "0"]
[EventDate "2023.07.25"]
[EventRounds "7"]
[EventCountry "ENG"]

1. c4 Nf6 2. Nc3 g6 3. g3 Bg7 4. Bg2 O-O 5. e4 d6 6. Nf3 c5 7. O-O Nc6 8. d3 a6 9.
Bg5 h6 10. Bd2 Rb8 11. a4 Ne8 12. Ra3 Nc7 13. Rb3 Bg4 14. Re1 Ne6 15. Be3 Ned4 16.
Ra3 e6 17. h3 Bxf3 18. Bxf3 Qb6 19. Ra2 Nxf3+ 20. Qxf3 Nb4 21. a5 Qc6 22. Rea1 Nxa2
23. Rxa2 b6 24. axb6 Qxb6 25. Qf4 Qc6 26. Kh2 Ra8 27. h4 Qd7 28. Qg4 h5 29. Qg5 Be5
30. Ne2 Qd8 31. Qh6 Qxh4+ 32. Kg2 Qe7 33. Ra1 Rfd8 34. Bg5 Qf8 35. Rh1 Bg7 36. Be7
Bxh6 37. Bxf8 Bxf8  0-1

[Event "British Chess Championships 2023: U12 Championship"]
[Site "The Venue, De Montfort University, 20 Western Boulevard, Leicester, LE2 7BU"]
[Date "2023.07.25"]
[Round "1"]
[Board "2"]
[White "Nguyen, Anh"]
[Black "Gill, Veer"]
[Result "1-0"]
[WhiteElo "1664"]
[BlackElo "1443"]
[PlyCount "0"]
[EventDate "2023.07.25"]
[EventRounds "7"]
[EventCountry "ENG"]

1. e4 e6 2. d4 d5 3. Nc3 Nf6 4. Bg5 Be7 5. e5 Nfd7 6. Bxe7 Qxe7 7. f4 c5 8. Nb5 Qd8
9. Nd6+ Ke7 10. Qh5 Qf8 11. Qg5+ f6 12. Nxc8+ Qxc8 13. Qxg7+ Ke8 14. Qxh8+ Nf8 15.
exf6 Nbd7 16. Qg7 Qd8 17. Bb5 a6 18. Bxd7+ Nxd7 19. f7+ Ke7 20. f8=Q#  1-0

[Event "British Chess Championships 2023: U12 Championship"]
[Site "The Venue, De Montfort University, 20 Western Boulevard, Leicester, LE2 7BU"]
[Date "2023.07.25"]
[Round "1"]
[Board "3"]
[White "Pai, Sidhanth"]
[Black "Pereslavtsev, Alexandr"]
[Result "0-1"]
[WhiteElo "1438"]
[BlackElo "1555"]
[PlyCount "0"]
[EventDate "2023.07.25"]
[EventRounds "7"]
[EventCountry "ENG"]

1. e4 c5 2. Nf3 d6 3. d4 cxd4 4. Nxd4 Nf6 5. Nc3 a6 6. Be3 e5 7. Nb3 Be7 8. h3 Be6
9. Be2 Nbd7 10. O-O O-O 11. Qd2 b5 12. a3 Rc8 13. Rfd1 Nb6 14. Qe1 Nc4 15. Bxc4 Bxc4
16. Nc5 Qc7 17. Nxa6 Qb7 18. Nb4 Nxe4 19. Nxe4 Qxe4 20. Bd2 Qg6 21. Be3 Be6 22. Kh1
Rc4 23. Kh2 Rd8 24. b3 Rcc8 25. Bb6 Rd7 26. Qe2 d5 27. Qxb5 Bxb4 28. Qxb4 Rxc2 29.
Rdc1 h6 30. a4 d4 31. a5 Rxf2 32. Rg1 Bd5 33. Bxd4 Rxg2+  0-1

[Event "British Chess Championships 2023: U12 Championship"]
[Site "The Venue, De Montfort University, 20 Western Boulevard, Leicester, LE2 7BU"]
[Date "2023.07.25"]
[Round "1"]
[Board "4"]
[White "Ward, Cian"]
[Black "Nilim, Armaan"]
[Result "1-0"]
[WhiteElo "1630"]
[BlackElo "1351"]
[PlyCount "0"]
[EventDate "2023.07.25"]
[EventRounds "7"]
[EventCountry "ENG"]

1. e4 e5 2. Nf3 Nc6 3. d4 exd4 4. Nxd4 Nf6 5. Nxc6 bxc6 6. Nc3 Bb4 7. Bd3 d5 8. exd5
cxd5 9. O-O O-O 10. Bg5 Be6 11. Ne2 Rb8 12. Nd4 Bd7 13. Bxf6 Qxf6 14. Qh5 g6 15.
Qxd5 Be6 16. Nxe6 fxe6 17. Qc4 Bd6 18. Rae1 Rfe8 19. b3 Rb4 20. Qc6 Qe7 21. Bc4 Qf7
22. Qxe8+ Qxe8 23. Rxe6 Qxe6 24. Bxe6+ Kg7 25. Rd1 Rb5 26. Bd5 Rb8 27. g3 Re8 28.
Kf1 g5 29. Bf3 Re5 30. Rd4 h6 31. Ra4 Bc5 32. g4 Bb6 33. Rc4 Rc5 34. Rxc5 Bxc5 35.
c3 a5 36. Ke2 Kf6 37. Be4 Ke5 38. f3 Ba3 39. Kd3 Bb2 40. Kc4 Ba1 41. a4 c5 42. b4
cxb4 43. cxb4 axb4 44. Kxb4 Bd4 45. a5 Kd6 46. Kb5 Kc7 47. a6 Kb8 48. Kc6 Ka7 49.
Bd3 Be5 50. h3 Bf4 51. Kd5 Kb6 52. Ke6 Ka7 53. Kf6 Bd6 54. Kg6 Bf8 55. Kh5 Kb6 56.
h4 gxh4 57. Kxh4 Bd6 58. g5 Bf4 59. g6 Be5 60. f4 Bg7 61. Kh5 Kc7 62. f5 Bd4 63.
Kxh6 Be3+ 64. Kh7 Bd4 65. g7 Bxg7 66. Kxg7 Kb6 67. f6 Ka7 68. f7 Kb6 69. f8=Q Ka7
70. Qf7+ Kb6 71. a7 Kc5 72. a8=R Kb4 73. Qc4#  1-0

[Event "British Chess Championships 2023: U12 Championship"]
[Site "The Venue, De Montfort University, 20 Western Boulevard, Leicester, LE2 7BU"]
[Date "2023.07.25"]
[Round "1"]
[Board "5"]
[White "Fang, Brandon Jun Qiao"]
[Black "Marsden, Rupert"]
[Result "0-1"]
[WhiteElo "1404"]
[BlackElo "1670"]
[PlyCount "0"]
[EventDate "2023.07.25"]
[EventRounds "7"]
[EventCountry "ENG"]

1. e4 e6 2. d4 d5 3. Nd2 Be7 4. Ngf3 Nf6 5. e5 Nfd7 6. c3 c5 7. Bd3 b6 8. O-O Ba6
9. Bxa6 Nxa6 10. b3 O-O 11. Bb2 Rc8 12. Rc1 Nab8 13. a3 a5 14. Re1 Nc6 15. c4 cxd4
16. cxd5 exd5 17. e6 fxe6 18. Rxe6 Nc5 19. Rxc6 Rxc6 20. b4 Rc8 21. bxc5 bxc5 22.
Nb3 Qb6 23. Ba1 Bd6 24. Rb1 Qc7 25. Qe1 a4 26. Nc1 Rce8 27. Qd1 Qd7 28. Na2 Rf6 29.
h3 Ref8 30. Ng5 h6 31. Nf3 Rxf3 32. gxf3 Qxh3 33. Qc2 Qh2+ 34. Kf1 Qh1+ 35. Ke2 Re8+
36. Kd3 Qxf3+ 37. Kd2 Bf4#  0-1

[Event "British Chess Championships 2023: U12 Championship"]
[Site "The Venue, De Montfort University, 20 Western Boulevard, Leicester, LE2 7BU"]
[Date "2023.07.25"]
[Round "1"]
[Board "6"]
[White "Vaidyanathan, Adithya"]
[Black "Gupta, Aditya"]
[Result "1-0"]
[WhiteElo "1559"]
[BlackElo "1393"]
[PlyCount "0"]
[EventDate "2023.07.25"]
[EventRounds "7"]
[EventCountry "ENG"]

1. Nf3 Nf6 2. d4 d5 3. c4 e6 4. Nc3 dxc4 5. e4 Bb4 6. e5 Ne4 7. Qc2 Nxc3 8. bxc3
Be7 9. Bxc4 O-O 10. Be3 b6 11. Qe4 c6 12. Bd3 g6 13. Bh6 Re8 14. h4 Bf8 15. Bxf8
Rxf8 16. h5 Qe7 17. Nh2 f5 18. exf6 Qxf6 19. Ng4 Qf4 20. hxg6 h5 21. Rxh5 Qxe4+ 22.
Bxe4 Bb7 23. g7 Rf4 24. f3 Na6 25. Rh8+ Kf7 26. Ne5+ Kxg7 27. Rh7+ Kf6 28. Rxb7 Rh4
29. Kf2 Rah8 30. Rf7+ Kg5 31. Rg7+ Kf6 32. Rxa7 Nb8 33. Ng4+ Rxg4 34. fxg4 Rd8 35.
Kg3 c5 36. Rf1+ Kg5 37. Rg7+ Kh6 38. Rg6+ Kh7 39. Rh1#  1-0

[Event "British Chess Championships 2023: U12 Championship"]
[Site "The Venue, De Montfort University, 20 Western Boulevard, Leicester, LE2 7BU"]
[Date "2023.07.25"]
[Round "1"]
[Board "7"]
[White "Lee, Yuk Hei"]
[Black "Sefton, Adam"]
[Result "0-1"]
[WhiteElo "1390"]
[BlackElo "1685"]
[PlyCount "0"]
[EventDate "2023.07.25"]
[EventRounds "7"]
[EventCountry "ENG"]

1. e4 e6 2. d4 d5 3. Nc3 Nf6 4. e5 Nfd7 5. f4 c5 6. Nf3 Nc6 7. Be3 cxd4 8. Nxd4 Bc5
9. Nxc6 bxc6 10. Bxc5 Nxc5 11. Bd3 Qb6 12. Rb1 Nxd3+ 13. Qxd3 Ba6 14. Qd2 O-O 15.
Qf2 Qa5 16. b4 Qa3 17. Qd2 Bc4 18. Kf2 f6 19. Rhe1 fxe5 20. Rxe5 Rxf4+ 21. Kg1 Raf8
22. Ree1 Qa6 23. h3 Qb6+ 24. Kh1 Rf2 25. Qd1 Rxg2 26. Kxg2 Qf2+ 27. Kh1 Rf3 28. Qxf3
Qxf3+ 29. Kh2 Qxc3  0-1

[Event "British Chess Championships 2023: U12 Championship"]
[Site "The Venue, De Montfort University, 20 Western Boulevard, Leicester, LE2 7BU"]
[Date "2023.07.25"]
[Round "1"]
[Board "8"]
[White "Yu, Rock"]
[Black "Patel, Diah"]
[Result "1-0"]
[WhiteElo "1658"]
[BlackElo "1211"]
[PlyCount "0"]
[EventDate "2023.07.25"]
[EventRounds "7"]
[EventCountry "ENG"]

1. Nf3 Nc6 2. d4 d5 3. e3 a6 4. b3 Nf6 5. Bb2 g6 6. a3 b6 7. Bd3 Bg7 8. Nbd2 O-O
9. O-O h6 10. c4 e6 11. Rc1 Bb7 12. b4 Ne7 13. c5 b5 14. Qc2 c6 15. Nb3 Nd7 16. Na5
Ra7 17. Bc3 f5 18. Ne5 Nxe5 19. dxe5 g5 20. f4 g4 21. Rcd1 h5 22. e4 Qe8 23. exf5
exf5 24. a4 Qg6 25. Qf2 Re8 26. axb5 axb5 27. Ra1 Rd8 28. Qh4 Rd7 29. Bd4 Kh8 30.
Qg5 Qf7 31. Kh1 Qe6 32. Qxh5+ Kg8 33. h3 gxh3 34. g4 fxg4 35. f5 Qh6 36. Qe8+ Bf8
37. f6 Ra8 38. f7+ Kh8 39. e6+ Qg7 40. Bxg7+ Kxg7 41. exd7 Rxe8 42. fxe8=Q g3 43.
Qxf8#  1-0

[Event "British Chess Championships 2023: U12 Championship"]
[Site "The Venue, De Montfort University, 20 Western Boulevard, Leicester, LE2 7BU"]
[Date "2023.07.25"]
[Round "1"]
[Board "9"]
[White "Bates, Hubert"]
[Black "Hariharan, Shambavi"]
[Result "1/2-1/2"]
[WhiteElo "1368"]
[BlackElo "1615"]
[PlyCount "0"]
[EventDate "2023.07.25"]
[EventRounds "7"]
[EventCountry "ENG"]

1. e4 c6 2. d4 d5 3. e5 c5 4. c3 cxd4 5. cxd4 Nc6 6. Nc3 a6 7. Be3 Bf5 8. Nf3 e6
9. a3 Nge7 10. Be2 Bg4 11. h3 Bxf3 12. Bxf3 Nf5 13. O-O Be7 14. Qd2 O-O 15. Bg4 Nxe3
16. fxe3 Na5 17. Bd1 Nc4 18. Qc1 Bg5 19. Rf3 Rc8 20. b3 Na5 21. Qb2 b5 22. Rc1 Qb6
23. Na2 Nc6 24. Be2 Ne7 25. Bd3 Ng6 26. Rcf1 Rc7 27. Qf2 Qa5 28. Qb2 Rfc8 29. Rg3
Bh4 30. Rgf3 Bg5 31. Rg3 Bh4 32. Rgf3  1/2-1/2

[Event "British Chess Championships 2023: U12 Championship"]
[Site "The Venue, De Montfort University, 20 Western Boulevard, Leicester, LE2 7BU"]
[Date "2023.07.25"]
[Round "1"]
[Board "10"]
[White "Walia, Shulin"]
[Black "Burnside, Aidan"]
[Result "1-0"]
[WhiteElo "1825"]
[BlackElo "1345"]
[PlyCount "0"]
[EventDate "2023.07.25"]
[EventRounds "7"]
[EventCountry "ENG"]

1. e4 e5 2. Nf3 Nc6 3. Bc4 Bc5 4. Nc3 Nf6 5. a3 a5 6. d3 d6 7. Bg5 Be6 8. Nd5 Bxd5
9. Bxd5 h6 10. Bxc6+ bxc6 11. Be3 Bb6 12. h3 O-O 13. O-O Qe7 14. Re1 Rfd8 15. Nh4
Ne8 16. Nf5 Qe6 17. Qg4 g5 18. h4 Qg6 19. Ne7+ Kg7 20. Nxg6 fxg6 21. hxg5 h5 22.
Qe2 d5 23. Bxb6 cxb6 24. exd5 Rxd5 25. c4 Rd7 26. Qxe5+ Kh7 27. Qxe8 Rxe8 28. Rxe8
Rxd3 29. Rae1 Rd7 30. R1e7+ Rxe7 31. Rxe7+ Kg8 32. Re6 b5 33. c5 Kf7 34. Rxc6 Ke7
35. Rxg6 h4 36. c6 h3 37. Rg7+ Kd8 38. Rd7+  1-0

[Event "British Chess Championships 2023: U12 Championship"]
[Site "The Venue, De Montfort University, 20 Western Boulevard, Leicester, LE2 7BU"]
[Date "2023.07.25"]
[Round "1"]
[Board "11"]
[White "Calvert, George"]
[Black "Ashton, Alannah"]
[Result "0-1"]
[WhiteElo "1345"]
[BlackElo "1497"]
[PlyCount "0"]
[EventDate "2023.07.25"]
[EventRounds "7"]
[EventCountry "ENG"]

1. e4 c5 2. Nf3 d6 3. Nc3 e5 4. Bc4 Be7 5. O-O Nf6 6. d3 O-O 7. Bg5 Be6 8. Bb3 Nc6
9. Qd2 a6 10. a3 Bxb3 11. cxb3 Rc8 12. Bxf6 Bxf6 13. Nd5 g6 14. Rac1 Bg7 15. b4 b6
16. bxc5 dxc5 17. b4 cxb4 18. axb4 Qd6 19. Rc4 Ne7 20. Rfc1 Rxc4 21. dxc4 Nc6 22.
b5 axb5 23. cxb5 Na5 24. Rc7 Rd8 25. Ng5 Qxc7 26. h3 h6 27. Nf3 Qc5 28. Qd3 Kh7 29.
Qe2 Nc4 30. Nc3 Qb4 31. Nd5 Qxb5 32. Nd2 Nd6 33. Qg4 Nxe4 34. Nc7 Qc6 35. Nxe4 Qxc7
36. g3 f5 37. Ng5+ hxg5 38. Qxg5 Rd1+ 39. Kh2 Qb7 40. g4 Qh1+ 41. Kg3 Qg1+ 42. Kf3
Rd3+ 43. Qe3 Rxe3+ 44. Kxe3 Qd1 45. g5 b5 46. h4 b4 47. h5 gxh5 48. g6+ Kxg6 49.
f4 b3 50. fxe5 b2 51. e6 Kg5 52. e7 Bd4#  0-1

[Event "British Chess Championships 2023: U12 Championship"]
[Site "The Venue, De Montfort University, 20 Western Boulevard, Leicester, LE2 7BU"]
[Date "2023.07.25"]
[Round "1"]
[Board "12"]
[White "Steiners, Emils"]
[Black "Konara, Seha"]
[Result "1-0"]
[WhiteElo "1725"]
[BlackElo "1218"]
[PlyCount "0"]
[EventDate "2023.07.25"]
[EventRounds "7"]
[EventCountry "ENG"]

1. d4 d5 2. c4 c6 3. cxd5 Qxd5 4. Nc3 Qd8 5. e4 Nf6 6. Nf3 Bg4 7. Be2 e6 8. Bg5 Be7
9. Qb3 Qb6 10. O-O Qxb3 11. axb3 h6 12. Bf4 O-O 13. h3 Bh5 14. g4 Bg6 15. Bd3 Rd8
16. Rfd1 Nbd7 17. Bc2 Nb6 18. Bc7 Rdc8 19. Bg3 Rd8 20. Ne5 Bh7 21. f3 Bd6 22. Kf1
Nfd5 23. Bf2 Nb4 24. Bb1 Bxe5 25. dxe5 Rxd1+ 26. Nxd1 Nd7 27. f4 a6 28. Ke2 Rd8 29.
Be1 c5 30. Bf2 Nc6 31. Bd3 Nb4 32. Bb1 Rc8 33. Ne3 f6 34. exf6 Nxf6 35. e5 Nfd5 36.
Bxh7+ Kxh7 37. Nxd5 Nxd5 38. Bg3 c4 39. Rc1 b5 40. bxc4 bxc4 41. Kf3 Kg6 42. Ke4
h5 43. f5+ Kf7 44. g5 Nb6 45. g6+ Ke7 46. Bh4+ Kd7 47. Rd1+ Nd5 48. fxe6+ Kxe6 49.
Rxd5 Rc6 50. Rd6+ Rxd6 51. exd6 Kxd6 52. Bf6 Kd7 53. Bxg7 Ke8 54. Kd5 Ke7 55. Kxc4
Ke6 56. Bh6 h4 57. Bg5  1-0

[Event "British Chess Championships 2023: U12 Championship"]
[Site "The Venue, De Montfort University, 20 Western Boulevard, Leicester, LE2 7BU"]
[Date "2023.07.25"]
[Round "1"]
[Board "13"]
[White "Gomez, Hal"]
[Black "Gunarathne, Senith"]
[Result "0-1"]
[WhiteElo "1305"]
[BlackElo "1460"]
[PlyCount "0"]
[EventDate "2023.07.25"]
[EventRounds "7"]
[EventCountry "ENG"]

1. c4 Nf6 2. Nc3 g6 3. g3 Bg7 4. Bg2 d6 5. e3 Nc6 6. Nge2 Bd7 7. O-O O-O 8. a3 e5
9. b4 Nh5 10. Bb2 Qc8 11. Re1 Ne7 12. d4 Bc6 13. d5 Bd7 14. e4 f5 15. Qd3 f4 16.
c5 Bg4 17. Nc1 g5 18. Nb3 Ng6 19. Nd2 Bh3 20. Bxh3 Qxh3 21. Qf1 Qc8 22. Qg2 f3 23.
Nxf3 Qg4 24. Re3 Bh6 25. h3 Qd7 26. g4 Nhf4 27. Qg3 Qe7 28. cxd6 cxd6 29. Kf1 Qc7
30. Rc1 Qc4+ 31. Ne2 Qa2 32. Ba1 Nxe2 33. Rxe2 Qxa3 34. Ne1 Qxg3 35. Rc3 Qh2 36.
Ree3 Rxf2#  0-1

[Event "British Chess Championships 2023: U12 Championship"]
[Site "The Venue, De Montfort University, 20 Western Boulevard, Leicester, LE2 7BU"]
[Date "2023.07.25"]
[Round "1"]
[Board "14"]
[White "Lebedev, Lion"]
[Black "Merchant, Samuel"]
[Result "1-0"]
[WhiteElo "1719"]
[BlackElo "1291"]
[PlyCount "45"]
[EventDate "2023.07.25"]
[EventRounds "7"]
[EventCountry "ENG"]

1. e4 c5 2. Nf3 d6 3. d4 cxd4 4. Nxd4 Nf6 5. Nc3 a6 6. Be3 e6 7. f3 Be7 8. Qd2 b5
9. g4 Bb7 10. O-O-O Nc6 11. g5 Nd7 12. h4 e5 13. Nf5 Nb6 14. Nxg7+ Kf8 15. Nf5 Nc4
16. Bxc4 bxc4 17. h5 Bc8 18. g6 Bxf5 19. g7+ Kxg7 20. Bh6+ Kg8 21. exf5 Bf8 22. Qg2+
Bg7 23. Qxg7#  1-0

[Event "British Chess Championships 2023: U12 Championship"]
[Site "The Venue, De Montfort University, 20 Western Boulevard, Leicester, LE2 7BU"]
[Date "2023.07.25"]
[Round "1"]
[Board "15"]
[White "Tomy, Judith"]
[Black "Richmond, Frank"]
[Result "0-1"]
[WhiteElo "1291"]
[BlackElo "1708"]
[PlyCount "46"]
[EventDate "2023.07.25"]
[EventRounds "7"]
[EventCountry "ENG"]

1. e4 e6 2. d4 d5 3. e5 c5 4. c3 Nc6 5. Nf3 Bd7 6. Be2 Nge7 7. O-O Nf5 8. Bg5 Qb6
9. Nbd2 cxd4 10. cxd4 Ncxd4 11. Nxd4 Nxd4 12. Be3 Nxe2+ 13. Qxe2 Bb5 14. Qf3 d4 15.
Bf4 Bxf1 16. Nxf1 Qxb2 17. Qd1 Bc5 18. Qa4+ b5 19. Qa6 O-O 20. Rc1 Rac8 21. Bg5 d3
22. Be7 Qxf2+ 23. Kh1 Qg1#  0-1

[Event "British Chess Championships 2023: U12 Championship"]
[Site "The Venue, De Montfort University, 20 Western Boulevard, Leicester, LE2 7BU"]
[Date "2023.07.25"]
[Round "1"]
[Board "16"]
[White "Catabay, Rezin C"]
[Black "Tagg, George"]
[Result "1-0"]
[WhiteElo "1579"]
[BlackElo "1253"]
[PlyCount "59"]
[EventDate "2023.07.25"]
[EventRounds "7"]
[EventCountry "ENG"]

1. d4 d5 2. c4 e6 3. Nc3 Nf6 4. Nf3 Be7 5. g3 O-O 6. Bg2 Nbd7 7. O-O b6 8. Ne5 Bb7
9. f4 c5 10. e3 Qc7 11. b3 Ne4 12. Nxe4 dxe4 13. Bb2 f6 14. Nxd7 Qxd7 15. Qc2 f5
16. Rfd1 Bf6 17. d5 Rad8 18. Bxf6 Rxf6 19. dxe6 Qe7 20. Rxd8+ Qxd8 21. Rd1 Qe7 22.
Rd7 Qxe6 23. Rxb7 a5 24. Rb8+ Kf7 25. Rd8 Rh6 26. Qd2 Ke7 27. Rd5 Qf6 28. Re5+ Kf8
29. Qd7 Qf7 30. Qd8+  1-0

[Event "British Chess Championships 2023: U12 Championship"]
[Site "The Venue, De Montfort University, 20 Western Boulevard, Leicester, LE2 7BU"]
[Date "2023.07.25"]
[Round "1"]
[Board "17"]
[White "Eccleston, Rowan"]
[Black "Dairi, Ramsey"]
[Result "0-1"]
[WhiteElo "1028"]
[BlackElo "1592"]
[PlyCount "80"]
[EventDate "2023.07.25"]
[EventRounds "7"]
[EventCountry "ENG"]

1. f4 f5 2. Nf3 e6 3. e3 Nf6 4. b3 Be7 5. Bb2 O-O 6. Be2 b6 7. O-O Bb7 8. Qe1 Na6
9. Bxa6 Bxa6 10. d3 Qe8 11. Qg3 Nh5 12. Qf2 Bc5 13. Re1 Bb7 14. Nbd2 Be7 15. Rac1
h6 16. Be5 d6 17. Bb2 g5 18. fxg5 hxg5 19. Nd4 Qg6 20. Qe2 g4 21. g3 e5 22. Nb5 Bd8
23. e4 f4 24. Qg2 a6 25. Nc3 fxg3 26. hxg3 Bg5 27. Rcd1 Qh6 28. Nf1 Rf7 29. Bc1 Bxc1
30. Rxc1 Raf8 31. Ne2 Rf2 32. Qxf2 Rxf2 33. Kxf2 Qf6+ 34. Kg1 d5 35. exd5 Bxd5 36.
Nh2 Qg5 37. Nf1 Bf3 38. Rcd1 e4 39. dxe4 Qc5+ 40. Kh2 Qf2#  0-1

[Event "British Chess Championships 2023: U12 Championship"]
[Site "The Venue, De Montfort University, 20 Western Boulevard, Leicester, LE2 7BU"]
[Date "2023.07.25"]
[Round "1"]
[Board "18"]
[White "Rughani, Mahin"]
[Black "Singh, Avyanna"]
[Result "1-0"]
[WhiteElo "1687"]
[BlackElo "1246"]
[PlyCount "99"]
[EventDate "2023.07.25"]
[EventRounds "7"]
[EventCountry "ENG"]

1. d4 d5 2. Bf4 Nf6 3. e3 c5 4. c3 Nc6 5. Nd2 Bf5 6. Qb3 Qd7 7. Ngf3 e6 8. Ne5 c4
9. Nxd7 cxb3 10. Nxf6+ gxf6 11. axb3 a6 12. b4 b5 13. Bxb5 Kd7 14. O-O Rg8 15. Bxa6
e5 16. dxe5 fxe5 17. Bxe5 Ke7 18. Bg3 Rg6 19. Bb7 Rxa1 20. Rxa1 Bh6 21. Ra6 Bd7 22.
Nf3 Bg7 23. Nh4 Rh6 24. Bf4 Re6 25. Nf5+ Kf6 26. Nd6 Bh6 27. Bxh6 Rxd6 28. b5 Ke7
29. bxc6 Rxh6 30. cxd7 Rxa6 31. Bxa6 Kxd7 32. c4 dxc4 33. Bxc4 f6 34. f4 Kd6 35.
b4 h6 36. g4 Kc6 37. e4 Kd6 38. h4 Ke7 39. f5 Kd6 40. g5 fxg5 41. hxg5 hxg5 42. f6
Kd7 43. f7 Ke7 44. b5 g4 45. b6 g3 46. b7 g2 47. b8=Q Kf6 48. f8=Q+ Kg5 49. Qbf4+
Kh5 50. Bf7#  1-0

[Event "British Chess Championships 2023: U12 Championship"]
[Site "The Venue, De Montfort University, 20 Western Boulevard, Leicester, LE2 7BU"]
[Date "2023.07.25"]
[Round "1"]
[Board "19"]
[White "Van Neerven, Yvon"]
[Black "Kilambi, Venkata Ananth Akshay"]
[Result "0-1"]
[WhiteElo "1228"]
[BlackElo "1533"]
[PlyCount "106"]
[EventDate "2023.07.25"]
[EventRounds "7"]
[EventCountry "ENG"]

1. d4 Nf6 2. c4 e6 3. Nc3 Bb4 4. a3 Bxc3+ 5. bxc3 b6 6. Bg5 h6 7. Bh4 g5 8. Bg3 Ne4
9. Qc2 Bb7 10. Nf3 d6 11. e3 Nd7 12. Bd3 f5 13. h4 g4 14. Bxe4 Bxe4 15. Qd1 gxf3
16. gxf3 Bb7 17. Rg1 Qe7 18. a4 a5 19. Rb1 O-O-O 20. Qe2 e5 21. d5 Nc5 22. Qd1 Ba6
23. Rh1 Bxc4 24. h5 Qh7 25. Rg1 Rde8 26. Bh4 Rhg8 27. Rh1 Rg2 28. Kd2 Nd3 29. Qf1
Rgg8 30. Rh2 e4 31. f4 Ne5 32. Qh1 Nf3+ 33. Kc2 Bd3+ 34. Kb2 Nxh2 35. Qxh2 Bxb1 36.
Kxb1 Qg7 37. Bg3 Qxc3 38. Ka2 Qc2+ 39. Ka3 Qc5+ 40. Kb2 Qxd5 41. Qh3 Ref8 42. Qf1
Qd3 43. Qa1 Rxg3 44. fxg3 Rg8 45. Qe1 Qc4 46. Ka3 Qb4+ 47. Ka2 Qxe1 48. Ka3 Qb4+
49. Ka2 Rxg3 50. Ka1 Rg1+ 51. Ka2 Qd2+ 52. Kb3 Rb1+ 53. Ka3 Qb2#  0-1

[Event "British Chess Championships 2023: U12 Championship"]
[Site "The Venue, De Montfort University, 20 Western Boulevard, Leicester, LE2 7BU"]
[Date "2023.07.25"]
[Round "1"]
[Board "20"]
[White "De Silva, Sithun"]
[Black "Czarnuch, Dominic"]
[Result "1/2-1/2"]
[WhiteElo "1664"]
[BlackElo "1209"]
[PlyCount "110"]
[EventDate "2023.07.25"]
[EventRounds "7"]
[EventCountry "ENG"]

1. e4 e6 2. d4 d5 3. e5 c5 4. c3 Nc6 5. Nf3 Qb6 6. Be2 Bd7 7. O-O Nge7 8. dxc5 Qxc5
9. Be3 Qa5 10. Nbd2 Ng6 11. c4 Rd8 12. Bg5 Be7 13. Bxe7 Kxe7 14. Nb3 Qb6 15. cxd5
exd5 16. Qxd5 Be6 17. Qc5+ Qxc5 18. Nxc5 b6 19. Nxe6 fxe6 20. Rac1 Rc8 21. Rfd1 Ngxe5
22. Nxe5 Nxe5 23. f4 Nf7 24. Ba6 Rxc1 25. Rxc1 Rd8 26. Rc2 Nd6 27. Bd3 Nf5 28. Bxf5
exf5 29. Kf2 Rd3 30. Ke2 Rd7 31. Ke3 Ke6 32. b3 h6 33. h3 Rd5 34. Rc6+ Rd6 35. Rc7
Rd7 36. Rc8 h5 37. Re8+ Re7 38. Rxe7+ Kxe7 39. g3 Ke6 40. Kd4 Kd6 41. Kc4 a6 42.
b4 g6 43. h4 Kc6 44. b5+ axb5+ 45. Kb4 Kb7 46. Kxb5 Kc7 47. Kb4 Kd6 48. Kc4 Kc6 49.
Kd4 Kd6 50. a4 Ke6 51. Kc3 Kd6 52. Kb4 Kc6 53. Kc4 Kd6 54. Kb5 Kc7 55. Kc4 Kc6  1/2-1/2

[Event "British Chess Championships 2023: U12 Championship"]
[Site "The Venue, De Montfort University, 20 Western Boulevard, Leicester, LE2 7BU"]
[Date "2023.07.25"]
[Round "1"]
[Board "21"]
[White "Murthy, Arush Ajai"]
[Black "Kendall, Arthur"]
[Result "0-1"]
[WhiteElo "1178"]
[BlackElo "1438"]
[PlyCount "56"]
[EventDate "2023.07.25"]
[EventRounds "7"]
[EventCountry "ENG"]

1. d4 e6 2. c4 d5 3. e3 Nf6 4. Bd3 c5 5. Nf3 Nc6 6. O-O Be7 7. Nc3 O-O 8. a3 a6 9.
h3 Qc7 10. Qc2 b6 11. Bd2 Rd8 12. Rac1 dxc4 13. Bxc4 Bb7 14. dxc5 Bxc5 15. Rfd1 Rac8
16. Ng5 Ne5 17. Bf1 Bd6 18. Nge4 Nxe4 19. Nxe4 Qxc2 20. Rxc2 Rxc2 21. Nxd6 Rxd6 22.
Bc3 Rxd1 23. Bxe5 Rcc1 24. Bc3 Rxf1+ 25. Kh2 Rxf2 26. Kg3 Rcf1 27. h4 Rxg2+ 28. Kh3
Rh1#  0-1

[Event "British Chess Championships 2023: U12 Championship"]
[Site "The Venue, De Montfort University, 20 Western Boulevard, Leicester, LE2 7BU"]
[Date "2023.07.25"]
[Round "1"]
[Board "22"]
[White "Pandya, Dhairya"]
[Black "Pannu, Aaron"]
[Result "1-0"]
[WhiteElo "1569"]
[BlackElo "1166"]
[PlyCount "95"]
[EventDate "2023.07.25"]
[EventRounds "7"]
[EventCountry "ENG"]

1. e4 e5 2. Nf3 Nc6 3. c3 d5 4. Qa4 dxe4 5. Nxe5 Bd7 6. Nxd7 Qxd7 7. Qxe4+ Be7 8.
Bb5 Nf6 9. Bxc6 bxc6 10. Qf3 O-O 11. O-O Bd6 12. d4 Rfe8 13. Bf4 Bxf4 14. Qxf4 Re4
15. Qf3 Rae8 16. Nd2 Rh4 17. Rae1 Rxe1 18. Rxe1 Qg4 19. Qxc6 h6 20. Qf3 Qg5 21. Qe3
Qg6 22. h3 Rxh3 23. Qxh3 Qc2 24. Nc4 Ne4 25. Qc8+ Kh7 26. Qf5+ g6 27. Qxe4 Qa4 28.
Ne5 f5 29. Qd5 Qe8 30. Qd7+ Qxd7 31. Nxd7 Kg7 32. Nc5 Kf6 33. Na6 c6 34. Nb8 c5 35.
dxc5 Kg5 36. c6 h5 37. c7 Kg4 38. c8=Q a5 39. c4 a4 40. c5 g5 41. c6 h4 42. c7 h3
43. Qh8 hxg2 44. c8=Q a3 45. Qc4+ f4 46. Kxg2 axb2 47. Qe4 b1=Q 48. f3#  1-0

[Event "British Chess Championships 2023: U12 Championship"]
[Site "The Venue, De Montfort University, 20 Western Boulevard, Leicester, LE2 7BU"]
[Date "2023.07.25"]
[Round "1"]
[Board "23"]
[White "Wang, Yuan Ya"]
[Black "Volovich, Andrew"]
[Result "1-0"]
[WhiteElo "1130"]
[BlackElo "1373"]
[PlyCount "53"]
[EventDate "2023.07.25"]
[EventRounds "7"]
[EventCountry "ENG"]

1. e4 e6 2. d4 d5 3. exd5 exd5 4. c4 c6 5. Nc3 Nf6 6. cxd5 cxd5 7. Bb5+ Bd7 8. Qa4
a6 9. Bxd7+ Qxd7 10. Qxd7+ Nbxd7 11. Nf3 Be7 12. O-O O-O 13. Bg5 h6 14. Bh4 Rfe8
15. Ne5 Nb6 16. Rae1 g5 17. Bg3 Nh5 18. h3 Nxg3 19. fxg3 f6 20. Ng4 Kg7 21. Re6 Nc4
22. Nxd5 Bd6 23. Rexf6 h5 24. Rf7+ Kh8 25. Ngf6 Re7 26. Nxe7 Rg8 27. Rh7#  1-0